Wszystkie miasta w Afryce powyżej 1 mln ludności - Statystyki

Ogólne statystyki
  • Ten quiz został rozwiązany 862 razy
    821 od ostatniego zresetowania
  • Średni wynik to 36 z 80
Odpowiedzi na mapie
Odpowiedzi zakodowano w zielono-czerwonej skali na mapie do tego quizu, zgodnie z poniższymi procentami.
 
Statystyki odpowiedzi
Miasto Populacja % Poprawnych
Kair 22 800 000
99%
Tunis 2 725 000
93%
Rabat 2 125 000
92%
Algier 4 325 000
90%
Johannesburg 14 800 000
90%
Kapsztad 5 100 000
88%
Aleksandria 6 250000
87%
Dakar 4 225 000
87%
Nairobi 6 900 000
86%
Casablanca 4 450 000
84%
Lagos 21 300 000
84%
Addis Abeba 4 825 000
82%
Kinszasa 16 300 000
82%
Trypolis 1 870 000
82%
Chartum 7 200 000
80%
Antananarywa 3 150 000
79%
Mogadiszu 2 250 000
74%
Luanda 9 650 000
71%
Abudża 3 050 000
69%
Akra 6 800 000
68%
Kampala 4 300 000
62%
Brazzaville 2 475 000
60%
Marrakesz 1 140 000
60%
Bamako 5 700 000
58%
Harare 2 675 000
58%
Lusaka 3 000 000
58%
Dar es Salaam 6 650 000
55%
Freetown 1 420 000
55%
Niamey 1 530 000
54%
Maputo 2 575 000
53%
Kigali 1 960 000
52%
Mombasa 1 370 000
52%
Monrovia 1 940 000
52%
Ndżamena 1 950 000
51%
Jaunde 3 975 000
50%
Nawakszut 1 500 000
50%
Wagadugu 3 425 000
50%
Abidżan 7 050 000
49%
Asmara 1 090 000
49%
Durban 3 900 000
49%
Lomé 2 625 000
49%
Fez 1 310 000
47%
Konakry 2 975 000
47%
Bandżul 1 170 000
45%
Lilongwe 1 210 000
45%
Oran 1 640 000
43%
Bangi 1 680 000
41%
Kano 5 350 000
41%
Tanger 1 410 000
37%
Port Elizabeth | Gqeberha 1 200 000
34%
Agadir 1 270 000
31%
Zanzibar 1 030 000
27%
Duala 3 900 000
26%
Ibadan 3 400 000
25%
Benin 1 790 000
21%
Kumasi 2 900 000
20%
Kotonu 2 150 000
18%
Lubumbashi 2 875 000
18%
Port Harcourt 2 250 000
17%
Kisangani 1 300 000
16%
Susa 1 180 000
15%
Goma 1 010 000
14%
Pointe-Noire 1 480 000
14%
Benguela 1 420 000
13%
Mbuji-Mayi 2 500 000
13%
Arusza 1 190 000
12%
Bobo-Dioulasso 1 100 000
12%
Kaduna 1 980 000
12%
Kananga 1 370 000
12%
Sokoto 1 140 000
12%
Aba 1 280 000
11%
Dżos 1 110 000
11%
Mwanza 1 340 000
11%
Touba 1 320 000
11%
Zaria 1 050 000
11%
Bukavu 1 100 000
10%
Enugu 1 010 000
10%
Ilorin 1 160 000
10%
Maiduguri 1 190 000
10%
Onitsha 1 230 000
10%
Nie znaleziono quizów pasujących do podanych kryteriów
Rozkład punktacji
Procent ludzi z każdym wynikiem
Percentyl według liczby udzielonych odpowiedzi
Twoja historia wyników
Nie rozwiązałeś tego quizu od ostatniego zresetowania